| Tag |
First Indicator |
Second Indicator |
Subfields |
| LEADER |
00000cam a2200000 a 4500 |
| 001 |
in00000017097 |
| 005 |
20220103114946.0 |
| 007 |
cr unu a |
| 008 |
880623s1986 xx a b 00010 eng d |
| 035 |
|
|
|9 AAB1451AM
|
| 035 |
|
|
|a (OCoLC)18126799
|
| 040 |
|
|
|a TXA
|c TXA
|d UtOrBLW
|
| 043 |
|
|
|a n-us-tx
|
| 049 |
|
|
|a TXAZ [Also in] [Archives]
|c 1 [A09992269], 2 [A09992277]
|
| 099 |
|
|
|a 1986
|a Thesis
|a G348
|
| 100 |
1 |
|
|a George, Lawrence Matthew,
|d 1958-
|
| 245 |
1 |
0 |
|a Quartz grain-size and grain-shape variation in the surface sediments of Galveston Island, Texas /
|c by Lawrence Matthew George.
|
| 264 |
|
1 |
|a [Place of publication not identified] :
|b [publisher not identified] ;
|c 1986.
|
| 300 |
|
|
|a x, 108 leaves :
|b illustrations ;
|c 29 cm.
|
| 336 |
|
|
|a text
|b txt
|2 rdacontent
|
| 337 |
|
|
|a computer
|b c
|2 rdamedia
|
| 338 |
|
|
|a online resource
|b cr
|2 rdacarrier
|
| 500 |
|
|
|a "Major subject: Geology."
|
| 500 |
|
|
|a Typescript (photocopy).
|
| 500 |
|
|
|a Vita.
|
| 502 |
|
|
|b M.S.
|c Texas A&M University
|d 1986.
|
| 504 |
|
|
|a Bibliography: leaves 86-91.
|
| 530 |
|
|
|a Also available online.
|
| 650 |
|
0 |
|a Sand
|z Texas
|z Galveston Island.
|
| 650 |
|
0 |
|a Sediments (Geology)
|z Texas
|z Galveston Island.
|
| 650 |
|
4 |
|a Major geology.
|
| 856 |
4 |
1 |
|u https://hdl.handle.net/1969.1/ETD-TAMU-1986-THESIS-G348
|z Link to OAKTrust copy
|t 0
|
| 999 |
|
|
|a MARS
|
| 999 |
f |
f |
|s 64d7e62d-dcc8-38aa-be7d-31b627c553bc
|i 2925eb05-f6de-3cf0-92bd-a9df1db96922
|t 0
|
| 952 |
f |
f |
|p noncirc
|a Texas A&M University
|b J.J. Pickle Campus
|c High Density Repository
|s HDR
|d Remote Storage
|t 0
|e 1986 Thesis G348
|h Other scheme
|i computer -- online resource
|m A14839613976
|
| 952 |
f |
f |
|a Texas A&M University
|b College Station
|c Electronic Resources
|s www_evans
|d Available Online
|t 0
|e 1986 Thesis G348
|h Other scheme
|
| 998 |
f |
f |
|a 1986 Thesis G348
|t 0
|l Available Online
|
| 998 |
f |
f |
|a 1986 Thesis G348
|t 0
|l Remote Storage
|